[Event "54rd URS-ch"]
[Site "Minsk URS"]
[Date "1987.??.??"]
[Round "?"]
[White "Beliavsky, Alexander"]
[Black "Dolmatov, Sergei"]
[Result "1-0"]
[WhiteElo "2585"]
[BlackElo "2515"]
[EventDate "1987.03.04"]
[PlyCount "135"]

1.d4 Nf6 2.c4 e6 3.Nf3 b6 4.g3 Ba6 5.b3 Bb4+ 6.Bd2 Be7 7.Bg2 d5 8.cxd5 
Nxd5 9.Nc3 Nd7 10.Nxd5 exd5 11.O-O O-O 12.Rc1 Re8 13.Rc2 c5 14.Bf4 Bb7 15.
Qc1 a5 16.Rd1 a4 17.dxc5 axb3 18.axb3 Nxc5 ( 18...bxc5 ) 19.Qb2 Bf6 20.Be5
Bxe5 21.Nxe5 Qe7 22.Nd3 Ne6 23.Nf4 Nxf4 24.gxf4 Qb4 25.Rc7 Re7 26.Rxe7 
Qxe7 27.Qe5 Qe6 28.Bxd5 Qg6+ 29.Kh1 Bxd5+ 30.Qxd5 Re8 31.Rc1 h6 32.e3 Qf6 
33.Rc6 Qh4 34.Rc7 Rf8 35.Qf3 Rd8 36.h3 Rd6 37.b4 f5 38.b5 Qd8 39.Rc6 Rd2 
40.Kg2 Rb2 41.Qh5 Rxb5 42.Qg6 Kf8 43.Kg3 Qe8 44.Qd6+ Kg8 45.Rxb6 Rxb6 46.
Qxb6 Kh7 47.Qb1 Qg6+ 48.Kh2 Qe6 49.Qd3 Kg6 50.Kg3 Qc6 51.Qb3 Kh7 52.Qd3 
Kg6 53.f3 Qc1 54.Kf2 Qb2+ 55.Qe2 Qc1 56.Qe1 Qc2+ 57.Kg3 Kh5 58.e4 g5 59.
Qe3 Kg6 60.Qb6+ Kh7 61.Qb7+ Kg6 62.Qb6+ Kh7 63.Qf6 gxf4+ 64.Kxf4 fxe4 65.
Qe7+ Kg8 66.Qxe4 Qh2+ 67.Kf5 Qxh3+ 68.Kf6 1-0

[Event "54rd URS-ch"]
[Site "Minsk URS"]
[Date "1987.??.??"]
[Round "?"]
[White "Beliavsky, Alexander"]
[Black "Tseshkovsky, Vitaly"]
[Result "1-0"]
[WhiteElo "2585"]
[BlackElo "2505"]
[EventDate "1987.03.04"]
[PlyCount "78"]

1.d4 Nf6 2.c4 c5 3.d5 b5 4.cxb5 a6 5.bxa6 g6 6.Nc3 Bxa6 7.e4 Bxf1 8.Kxf1 
d6 9.g3 Bg7 10.Kg2 O-O 11.Nf3 Nbd7 12.h3 Nb6 13.Qe2 Na4 14.Nd1 ( 14.Nxa4 
Rxa4 15.Nd2 Qa8 16.a3 e6 ) 14...Qd7 ( 14...Re8 ) 15.Rb1 ( 15.b3 Nxe4 16.
Qxe4 Bxa1 17.bxa4 Rxa4 ) 15...e6 16.dxe6 ( 16.b3 ) 16...fxe6 ( 16...Qxe6 
17.b3 Nb6 18.Re1 ) 17.b3 Nb6 18.Nc3 Nh5 ( 18...Qc6 ) 19.Bb2 d5 20.a4 d4 ( 
20...c4 ) 21.Nb5 Rf7 ( 21...e5 ) 22.Rhf1 Raf8 23.Ng5 ( 23.Nd2 ) ( 23.Ne1 )
23...Rf4 24.Bc1 d3 25.Qd1 R4f6 26.h4 ( 26.Bb2 Qc6 27.Bxf6 Bxf6 28.Qg4 Bxg5
29.Qxg5 Qxe4+ 30.Kg1 ) 26...h6 27.Nh3 Nxg3 ( 27...e5 28.Ng1 ) 28.Kxg3 Rf3+
29.Qxf3 Rxf3+ 30.Kxf3 e5 ( 30...d2 31.Bxd2 Qxd2 32.Rfd1 Qc2 33.a5 ( 33.Nf4
Nd7 34.Nd3 Ne5+ 35.Nxe5 Bxe5 36.a5 Qa2 ) 33...Nd7 34.Rxd7 Qxb1 35.a6 Qh1+ 
36.Ke2 Qxe4+ 37.Kf1 Qb1+ 38.Kg2 Qe4+ 39.f3 Qe2+ 40.Nf2 Qxb5 41.Rd8+ Kh7 
42.a7 ) 31.Kg3 d2 32.Ba3 c4 33.Bc5 Qd3+ 34.f3 Nd7 35.Nf2 Qc2 36.Bb4 Bf8 
37.Na3 Qa2 38.Bxf8 Kxf8 39.Nxc4 Nc5 1-0

[Event "54rd URS-ch"]
[Site "Minsk URS"]
[Date "1987.??.??"]
[Round "?"]
[White "Chernin, Alexander"]
[Black "Salov, Valery"]
[Result "1/2-1/2"]
[WhiteElo "2570"]
[BlackElo "2550"]
[EventDate "1987.03.04"]
[PlyCount "26"]

1.d4 Nf6 2.Nf3 e6 3.c4 b6 4.g3 Bb7 5.Bg2 Be7 6.O-O O-O 7.Nc3 Ne4 8.Nxe4 
Bxe4 9.Ne1 Bxg2 10.Nxg2 d5 11.Qa4 Qd7 12.Qxd7 Nxd7 13.cxd5 exd5 1/2-1/2

[Event "54rd URS-ch"]
[Site "Minsk URS"]
[Date "1987.??.??"]
[Round "?"]
[White "Dolmatov, Sergei"]
[Black "Chernin, Alexander"]
[Result "1/2-1/2"]
[WhiteElo "2515"]
[BlackElo "2570"]
[EventDate "1987.03.04"]
[PlyCount "103"]

1.e4 d6 2.d4 Nf6 3.Nc3 g6 4.f4 Bg7 5.Nf3 O-O 6.Bd3 Na6 7.O-O c5 8.d5 Bg4 
9.Bc4 Nc7 ( 9...e6 10.dxe6 ( 10.h3 exd5 11.Nxd5 Be6 ) 10...Bxe6 11.Bxe6 
fxe6 12.Ng5 ) 10.h3 Bxf3 11.Qxf3 Nd7 12.a4 a6 13.Qd3 ( 13.Rd1 Rb8 14.a5 ) 
13...Nb6 14.Ba2 ( 14.Bb3 Rc8 15.a5 c4 ) 14...Qd7 15.a5 Nc8 ( 15...Na4 16.
Nd1 b5 ( 16...Qb5 17.Bc4 Qxa5 18.Bd2 ) 17.c4 Rab8 18.Rb1 f5 19.Qc2 fxe4 
20.b3 ) 16.Bd2 b5 17.axb6 Nxb6 18.Rae1 ( 18.Nd1 ) 18...Nb5 ( 18...Na4 19.
Nxa4 Qxa4 20.Bc4 Bxb2 21.c3 ) 19.Nd1 ( 19.e5 Nxc3 20.Bxc3 Na4 21.e6 Qb5 
22.Bc4 Nxb2 23.Bxb5 Nxd3 24.Bxg7 Nxe1 25.Bxf8 axb5 26.Bxe7 Nxc2 27.Bxd6 
fxe6 ) 19...Nd4 ( 19...Rac8 20.c3 ) 20.Ne3 ( 20.c3 Qb5 ) 20...Rab8 ( 20...
Qb5 21.Bc4 Qxb2 22.Rb1 Nxc4 23.Rxb2 Nxb2 24.Qa3 ) ( 20...a5 21.c3 Qb5 22.
Qxb5 Nxb5 ) 21.c3 Qb5 22.Qxb5 ( 22.Nc4 Nb3 23.Bxb3 Qxb3 24.Na5 c4 ) 22...
Nxb5 23.Bb3 ( 23.Ra1 Na4 24.Nd1 Nc7 ) 23...Nc7 24.Bc2 ( 24.Ra1 Nc8 25.Ra3 
Nb5 26.Rxa6 Nxc3 ) 24...a5 25.Ra1 a4 26.Ra2 ( 26.Rfb1 Ra8 27.Ra2 ) 26...
Rb7 ( 26...c4 27.Rfa1 Na6 28.Nd1 Nc5 29.Be3 Nb3 30.Bxb3 ) 27.Rfa1 e6 28.
dxe6 Nxe6 ( 28...fxe6 29.Bc1 ( 29.f5 Bh6 ) ) 29.Nd5 ( 29.g3 ) 29...Nc4 ( 
29...Nxd5 30.exd5 Nc7 31.Bc1 Nxd5 32.Be4 ) 30.Bc1 a3 31.bxa3 ( 31.b3 Nb6 
32.Rxa3 ( 32.Nxb6 Rxb6 33.Bd2 Nc7 ) 32...Nxd5 33.exd5 Nc7 34.Bd2 Nb5 35.
Ra6 Nxc3 ) 31...Nc7 32.Nxc7 ( 32.Ne7+ Kh8 33.Bd3 Na5 34.Rc2 Re8 ) 32...
Rxc7 33.Bd3 Na5 34.Rc2 c4 35.Be2 Nb3 36.Rb1 Nxc1 37.Rcxc1 Ra8 38.Rb4 Rxa3 
39.Rb8+ Bf8 40.f5 gxf5 ( 40...f6 ) 41.exf5 f6 ( 41...Ra5 ) ( 41...d5 ) 42.
Bf3 d5 ( 42...Kg7 43.Bd5 ) 43.Bxd5+ Kg7 44.Kf2 Bc5+ 45.Kf3 Kh6 ( 45...Ra2 
) 46.Rb2 Bd4 47.Rbc2 Bb6 48.g4 ( 48.Ke4 ) 48...Rc5 49.Be6 ( 49.Ke4 Ra7 ) 
49...Re5 50.Re2 ( 50.h4 Bd4 ( 50...Re3+ 51.Kf4 Rh3 52.g5+ ) 51.Kg2 Bb6 52.
Bxc4 Re3 53.Be2 Ba5 54.c4 Rh3 55.c5 Bc7 ) 50...Bd4 51.Rxe5 Bxe5 52.Bxc4 
1/2-1/2

[Event "54rd URS-ch"]
[Site "Minsk URS"]
[Date "1987.??.??"]
[Round "?"]
[White "Dolmatov, Sergei"]
[Black "Ehlvest, Jaan"]
[Result "1-0"]
[WhiteElo "2515"]
[BlackElo "2445"]
[EventDate "1987.03.04"]
[PlyCount "81"]

1.d4 Nf6 2.c4 e6 3.Nf3 b6 4.g3 Ba6 5.b3 Bb4+ 6.Bd2 Be7 7.Bg2 c6 8.O-O d5 
9.Ne5 Nfd7 10.Nxd7 Nxd7 11.Bc3 Rc8 ( 11...dxc4 12.bxc4 Bxc4 13.Nd2 Ba6 14.
d5 cxd5 15.Bxg7 ) 12.Nd2 O-O ( 12...b5 ) 13.e4 b5 14.Re1 bxc4 15.bxc4 Bxc4
16.Nxc4 dxc4 17.a4 ( 17.Qe2 c5 18.d5 exd5 19.exd5 Bf6 ) ( 17.Bf1 Nb6 18.a4
c5 19.a5 cxd4 20.Bxd4 Nd7 21.Bxa7 Bb4 ) 17...Qb6 ( 17...c5 18.d5 exd5 19.
Qxd5 ) ( 17...Qc7 18.Bf1 Rcd8 19.Bxc4 Nb6 ) 18.Bf1 Qa6 ( 18...Qb3 19.Qd2 
Rb8 20.Reb1 Qxb1 21.Rxb1 Rxb1 22.Kg2 ) 19.a5 c5 20.d5 Rfd8 21.e5 exd5 22.
Qxd5 Nf6 23.Qxc4 ( 23.Qf3 Nd5 24.e6 f6 ( 24...fxe6 25.Qg4 Nxc3 26.Bxc4 ) 
25.Rac1 ) 23...Qxc4 24.Bxc4 Nd5 25.Bxd5 Rxd5 26.Red1 Rcd8 27.Rxd5 Rxd5 28.
Rb1 f6 ( 28...g5 29.Rb7 Rd3 30.Be1 Kf8 31.Rxa7 Ra3 ) 29.Rb7 Kf7 30.exf6 
gxf6 31.Rxa7 Rd3 32.Be1 Ke6 33.Kf1 Ra3 ( 33...h5 34.a6 ( 34.Ke2 Ra3 35.Bd2
Ra2 ) 34...c4 ( 34...Ra3 35.Bd2 ) 35.Rc7 ) 34.Bd2 h5 35.Be3 Ra2 36.a6 Bd6 
( 36...c4 37.Ra8 c3 38.a7 c2 39.Rc8 ) 37.Ra8 Kd7 38.a7 Kc7 39.Kg2 Kb7 40.
Rd8 Bc7 41.Rd5 1-0

[Event "54rd URS-ch"]
[Site "Minsk URS"]
[Date "1987.??.??"]
[Round "?"]
[White "Ehlvest, Jaan"]
[Black "Salov, Valery"]
[Result "1/2-1/2"]
[WhiteElo "2445"]
[BlackElo "2550"]
[EventDate "1987.03.04"]
[PlyCount "23"]

1.d4 Nf6 2.c4 e6 3.g3 d5 4.Bg2 Be7 5.Nf3 O-O 6.O-O dxc4 7.Qc2 a6 8.Qxc4 b5
9.Qc2 Bb7 10.Bd2 Be4 11.Qc1 Bb7 12.Qc2 1/2-1/2

[Event "54rd URS-ch"]
[Site "Minsk URS"]
[Date "1987.??.??"]
[Round "?"]
[White "Eingorn, Vyacheslav"]
[Black "Kupreichik, Viktor"]
[Result "1-0"]
[WhiteElo "2545"]
[BlackElo "2475"]
[EventDate "1987.03.04"]
[PlyCount "165"]

1.d4 Nf6 2.Nf3 d5 3.c4 e6 4.Nc3 Bb4 5.cxd5 exd5 6.Bg5 h6 7.Bxf6 Qxf6 8.
Qa4+ Nc6 9.e3 O-O 10.Be2 Be6 11.a3 Bd6 12.Nb5 Rfc8 13.Nxd6 cxd6 14.O-O Qd8
15.Nd2 ( 15.Rfc1 ) 15...Qb6 ( 15...Qa5 16.Qxa5 ( 16.Qd1 Ne7 ) 16...Nxa5 
17.Rfc1 Nc4 18.Bxc4 dxc4 ) 16.Qb3 Qxb3 17.Nxb3 Bf5 18.Rfc1 Ne7 19.Na5 
Rxc1+ 20.Rxc1 Rc8 21.Rxc8+ Bxc8 22.Bb5 f5 23.Nb3 Kf7 24.f3 Ke6 25.Kf2 Bd7 
26.Bd3 Nc6 27.Ke2 Ne7 28.Nc1 Kf6 29.Na2 Ba4 30.Nc1 Bd7 31.b3 Nc6 32.Na2 
Ne7 33.Nc3 Ke6 34.Bb1 Kf6 35.b4 b6 36.Ba2 Bc6 37.b5 Bb7 38.Kf2 Ba8 39.Bb3 
Bb7 40.Ba2 Ba8 41.Ke1 Bb7 42.Bb3 Kg5 43.g3 Kf6 44.Ke2 g5 45.Ke1 Kg6 46.Na2
Ng8 47.Nb4 Ne7 48.Kf2 Kf6 49.Ke2 Kg6 50.Kd2 Kf6 51.Kd3 Kg6 52.Ke2 Kf6 53.
Kd2 Kg6 54.Kd3 Kg7 55.Kc3 Kf6 56.Ba4 Ke6 57.Bc2 Kf7 58.Bb3 Kf6 59.Kd2 Kg6 
60.Ba4 Kf6 61.Kd3 Ke6 62.Kc3 Kf6 63.Nc6 a6 64.bxa6 Bxc6 65.Kb4 Ba8 66.Bd7 
Nc6+ 67.Kb5 f4 68.Bxc6 fxe3 69.Bxa8 e2 70.Kxb6 e1=Q 71.Bc6 Qc3 72.a7 Qxd4+
73.Kb7 Qb2+ 74.Kc7 Qxa3 75.a8=Q Qxa8 76.Bxa8 Ke5 77.Bc6 h5 78.Kd7 h4 79.
Ke7 h3 80.Bb7 d4 81.Ba6 d3 82.Bxd3 Kd4 83.f4 1-0

[Event "54rd URS-ch"]
[Site "Minsk URS"]
[Date "1987.??.??"]
[Round "?"]
[White "Gavrikov, Viktor"]
[Black "Tukmakov, Vladimir"]
[Result "0-1"]
[WhiteElo "2550"]
[BlackElo "2575"]
[EventDate "1987.03.04"]
[PlyCount "62"]

1.e4 e5 2.Nf3 Nc6 3.Bb5 Nd4 4.Bc4 d6 5.Nxd4 exd4 6.c3 Nf6 7.d3 dxc3 8.Nxc3
Be7 9.O-O O-O 10.f4 Be6 11.Bb3 Bxb3 12.Qxb3 d5 13.Rd1 dxe4 14.dxe4 Bc5+ 
15.Kf1 Qe7 16.Qc2 Rad8 17.Re1 Qe6 18.f5 Qc4+ 19.Qe2 Rd3 20.Na4 Bd4 21.b3 
Qb5 22.Bb2 Nxe4 23.Bxd4 Qxf5+ 24.Bf2 Rd2 25.Qxd2 Nxd2+ 26.Kg1 Ne4 27.Be3 
Rd8 28.Nb2 h6 29.Nc4 b6 30.Rf1 Qe6 31.Rae1 f5 0-1

[Event "54rd URS-ch"]
[Site "Minsk URS"]
[Date "1987.??.??"]
[Round "?"]
[White "Gurevich, Mikhail"]
[Black "Yusupov, Artur"]
[Result "1/2-1/2"]
[WhiteElo "2540"]
[BlackElo "2645"]
[EventDate "1987.03.04"]
[PlyCount "52"]

1.c4 e6 2.g3 d5 3.Bg2 g6 4.d4 Bg7 5.Nf3 Nc6 ( 5...Ne7 6.Nc3 Nbc6 ) 6.O-O 
Nge7 7.Nc3 O-O ( 7...dxc4 8.Qa4 Nd5 9.Qxc4 Nb6 10.Qb3 O-O ( 10...Nxd4 11.
Nxd4 Qxd4 ( 11...Bxd4 12.Rd1 ) 12.Nb5 Qd8 13.Rd1 Qe7 14.Be3 O-O 15.Rac1 ) 
11.Rd1 ) 8.cxd5 ( 8.b3 dxc4 9.bxc4 e5 ) 8...exd5 9.Bg5 ( 9.Bf4 Be6 ( 9...
Bg4 10.Ne5 Nxe5 11.Bxe5 f6 12.Bf4 c6 13.h3 Be6 14.b4 g5 15.Bd2 Qd7 16.Kh2 
Nf5 ) 10.Qa4 ) ( 9.b3 Bg4 10.e3 Qd7 11.Ba3 Rfe8 12.Rc1 Nd8 13.h3 Bxf3 14.
Qxf3 c6 15.h4 Ne6 ) 9...h6 10.Bxe7 Nxe7 11.e3 c6 12.b4 Be6 13.Ne1 ( 13.Nd2
) 13...a5 14.b5 ( 14.a3 ) 14...c5 15.Nf3 Nf5 16.Ne2 Qb6 17.dxc5 ( 17.a4 
Rac8 18.Rc1 cxd4 19.Nfxd4 Nxd4 20.Nxd4 Rxc1 21.Qxc1 Bxd4 22.exd4 Qxd4 ) 
17...Qxc5 18.Rb1 Rac8 19.Qd2 Qc2 20.Rfd1 Rfd8 21.Nfd4 Nxd4 22.Nxd4 Bxd4 
23.Qxd4 ( 23.exd4 Qxd2 24.Rxd2 b6 ) 23...Qxa2 24.Ra1 Qc4 25.Qb6 ( 25.Rxa5 
Qxd4 26.exd4 Rc2 27.Ra7 Rd7 ) 25...Bg4 ( 25...a4 26.Qxb7 ) 26.Re1 ( 26.Rd4
Qc1+ 27.Rd1 ( 27.Rxc1 Rxc1+ 28.Bf1 Bh3 ) 27...Qc5 ) 26...Rd7 ( 26...Rd7 
27.Qxa5 ) 1/2-1/2

[Event "54rd URS-ch"]
[Site "Minsk URS"]
[Date "1987.??.??"]
[Round "?"]
[White "Yusupov, Artur"]
[Black "Dolmatov, Sergei"]
[Result "1-0"]
[WhiteElo "2645"]
[BlackElo "2515"]
[EventDate "1987.03.04"]
[PlyCount "61"]

1.d4 Nf6 2.c4 c5 3.Nf3 e6 4.d5 exd5 5.cxd5 d6 6.Nc3 g6 7.Bf4 a6 8.e4 b5 9.
Qe2 Nh5 10.Bg5 Be7 11.Bh6 Bf8 12.Qe3 Bxh6 ( 12...b4 13.Nd1 Nf6 14.Bxf8 
Kxf8 15.Qh6+ Kg8 16.Bd3 Ng4 17.Qf4 Kg7 18.O-O f6 19.Ne3 ) 13.Qxh6 b4 ( 
13...Nd7 14.a4 ( 14.Be2 Qf6 15.O-O Qf4 16.Ng5 Ndf6 17.g3 Qd2 18.Bxh5 Nxh5 
19.e5 Bf5 20.exd6 Qxb2 21.Rae1+ Kd7 22.Nxf7 Rhe8 ) ( 14.g4 Nhf6 15.h3 Bb7 
16.Bd3 Qb6 ( 16...Qe7 17.O-O-O O-O-O ) 17.O-O Ne5 18.Nxe5 dxe5 19.Be2 ) 
14...b4 15.Nd1 Ndf6 16.Bd3 Bg4 17.Ng1 Bxd1 18.Rxd1 Qe7 19.Nf3 Ng4 20.Qd2 
O-O 21.O-O ) 14.Nd1 Qf6 ( 14...Bg4 15.Nd2 Bxd1 16.Rxd1 Qf6 17.Nc4 Nd7 18.
Be2 Nf4 19.Bf3 Ne5 20.Nxe5 Qxe5 21.O-O ) 15.Nd2 Bd7 16.a4 Kd8 17.g3 Bg4 
18.Ne3 Bf3 19.e5 dxe5 20.Nxf3 Qxf3 21.Bg2 Qf6 22.d6 Ra7 23.O-O Ng7 24.Rac1
Nd7 25.Rfd1 Nf5 26.Nxf5 Qxf5 27.Qe3 e4 28.Bxe4 Qe5 29.Rd5 Qe6 30.Rdxc5 
Nxc5 31.Qxc5 1-0

[Event "54rd URS-ch"]
[Site "Minsk URS"]
[Date "1987.??.??"]
[Round "?"]
[White "Yusupov, Artur"]
[Black "Ehlvest, Jaan"]
[Result "1-0"]
[WhiteElo "2645"]
[BlackElo "2445"]
[EventDate "1987.03.04"]
[PlyCount "79"]

1.d4 Nf6 2.c4 g6 3.Nc3 Bg7 4.e4 d6 5.Bd3 O-O 6.Nge2 Nc6 7.O-O e5 8.d5 Nd4 
9.Nxd4 exd4 10.Nb5 Re8 ( 10...Ne8 11.Bc2 Qf6 ) 11.Re1 Ng4 ( 11...Bg4 12.f3
Bd7 13.Bf1 Bxb5 14.cxb5 Nd7 15.Bd2 h5 16.Rc1 Ne5 17.Bf4 h4 18.h3 g5 19.Bh2
Ng6 20.Rc4 Nf4 ) ( 11...a6 12.Nxd4 Nxd5 13.cxd5 Bxd4 14.Qc2 ) 12.h3 a6 13.
hxg4 axb5 14.cxb5 Qh4 15.g3 ( 15.g5 Be5 ) 15...Qxg4 16.Qxg4 Bxg4 17.Kg2 f5
18.a4 ( 18.f3 fxe4 19.fxe4 Rf8 ) 18...fxe4 19.Rxe4 Rxe4 20.Bxe4 Be2 21.Ra3
Kf7 ( 21...d3 22.b4 ( 22.f3 Bxb2 23.Bxb2 d2 24.Bc2 d1=Q 25.Bxd1 Bxd1 26.a5
Be2 ) ( 22.a5 d2 23.Bxd2 Bxb5 24.Rb3 Ba6 25.Bd3 Bxd3 26.Rxd3 b6 ) 22...d2 
23.Bxd2 Bxb5 ) 22.f3 h5 ( 22...d3 23.Kf2 Bd4+ 24.Ke1 ) 23.Kf2 d3 24.a5 h4 
( 24...Bd4+ 25.Be3 Bxb2 26.Ra2 Bf6 27.a6 ) ( 24...d2 25.Bxd2 Bxb5 26.Rb3 
Bd4+ 27.Kg2 Ba6 28.Bd3 Bxd3 29.Rxd3 Bf6 30.Rb3 ) 25.gxh4 Bf6 26.Kg3 Be5+ 
27.Kg4 d2 28.Bxd2 Bxb5 29.Bc3 ( 29.Rb3 ) 29...Kf6 30.Bxe5+ dxe5 ( 30...
Kxe5 31.Kg5 ) 31.b4 Bd7+ 32.Kg3 Ke7 33.d6+ Kxd6 34.Bxb7 Ra7 35.a6 Bb5 36.
Kg4 c6 37.Kg5 Kd5 38.Ra5 Kc4 39.Kxg6 ( 39.Bxc6 Bxc6 40.Rc5+ Kxb4 41.Rxc6 )
39...Kxb4 40.Rxb5+ 1-0

[Event "54rd URS-ch"]
[Site "Minsk URS"]
[Date "1987.??.??"]
[Round "?"]
[White "Yusupov, Artur"]
[Black "Tseshkovsky, Vitaly"]
[Result "1-0"]
[WhiteElo "2645"]
[BlackElo "2510"]
[EventDate "1987.03.04"]
[PlyCount "57"]

1.d4 Nf6 2.c4 g6 3.Nc3 d5 4.cxd5 Nxd5 5.e4 Nxc3 6.bxc3 Bg7 7.Bc4 O-O 8.Ne2
c5 9.O-O Nc6 10.Be3 Na5 11.Bd3 b6 12.Rc1 Qc7 ( 12...cxd4 ) 13.Qd2 ( 13.d5 
) 13...Bb7 14.Bh6 Rad8 15.h4 ( 15.d5 c4 16.Bc2 e6 17.Bxg7 Kxg7 18.f4 exd5 
19.e5 ) 15...Qd6 ( 15...Nc6 16.d5 Ne5 ) 16.d5 c4 ( 16...e6 17.c4 ) 17.Bc2 
e6 ( 17...e5 ) 18.Bxg7 Kxg7 19.f4 f5 ( 19...exd5 20.e5 Qe7 21.h5 ( 21.f5 )
) 20.Nd4 fxe4 21.dxe6 ( 21.Nxe6+ Qxe6 ) 21...Nc6 22.f5 ( 22.Bxe4 Nxd4 23.
Qxd4+ Qxd4+ 24.cxd4 Bxe4 25.e7 Rxd4 26.exf8=Q+ Kxf8 ) 22...Nxd4 23.cxd4 ( 
23.Qxd4+ Qxd4+ 24.cxd4 Rxf5 ) 23...Qe7 ( 23...Rde8 24.Ba4 Re7 25.Bd7 ) ( 
23...b5 24.Qg5 ) ( 23...Rxf5 24.Rxf5 gxf5 25.Qg5+ ) ( 23...Qxd4+ 24.Qxd4+ 
Rxd4 25.e7 Re8 26.f6+ Kf7 27.Ba4 ) 24.Ba4 ( 24.Qg5 Qxg5 25.hxg5 Rxf5 26.
Rxf5 gxf5 27.Ba4 Kf8 28.Rxc4 Bd5 ) 24...Rxf5 ( 24...Rd5 25.fxg6 hxg6 26.
Rxf8 Qxf8 27.Rf1 Rf5 28.Rxf5 ) ( 24...gxf5 25.Qg5+ ) 25.Rxf5 gxf5 26.Qf4 
Bd5 ( 26...Rf8 27.Rxc4 Qxe6 28.Rc7+ Rf7 29.Bb3 Bd5 30.Bxd5 Qxd5 31.Qg5+ ) 
27.Qe5+ Kg6 ( 27...Kg8 28.Rc3 ) ( 27...Qf6 28.e7 ) 28.Rc3 f4 29.h5+ 1-0

[Event "54rd URS-ch"]
[Site "Minsk URS"]
[Date "1987.??.??"]
[Round "?"]
[White "Kupreichik, Viktor"]
[Black "Dolmatov, Sergei"]
[Result "1/2-1/2"]
[WhiteElo "2475"]
[BlackElo "2515"]
[EventDate "1987.03.04"]
[PlyCount "84"]

1.e4 e6 2.d4 d5 3.Nc3 Bb4 4.e5 c5 5.a3 Bxc3+ 6.bxc3 Ne7 7.Qg4 Qc7 8.Qxg7 
Rg8 9.Qxh7 cxd4 10.Ne2 dxc3 ( 10...Qxe5 11.Bf4 Qf6 12.cxd4 ) 11.f4 Bd7 12.
Qd3 Nf5 13.Rg1 ( 13.Nxc3 Na6 14.Nb5 Qa5+ 15.Bd2 Qa4 16.Rg1 Nc5 ) 13...Nc6 
14.g4 Qb6 ( 14...Nh4 15.Qh7 ) 15.Rg2 Nh4 16.Rg3 O-O-O 17.Nxc3 Kb8 18.Rb1 
Qa5 19.Qb5 Qc7 20.Qc5 Rc8 21.Nb5 Qd8 22.Nd6 Rc7 23.Ba6 ( 23.Nxf7 ) 23...
Bc8 24.Bxb7 Bxb7 25.Rgb3 Ka8 26.Nxb7 Ng2+ 27.Kf1 Qh4 28.Rg3 Qxh2 29.Rxg2 
Qh1+ 30.Qg1 Qxg1+ 31.Kxg1 Rxb7 32.Rxb7 Kxb7 33.Be3 Ka6 34.Bc5 Kb5 35.Bd6 
Kc4 36.Kf2 Nd4 37.Ke1 Rh8 38.Kd2 Rh3 39.f5 exf5 40.gxf5 Nxf5 41.Rf2 Rh5 
42.c3 d4 1/2-1/2

[Event "54rd URS-ch"]
[Site "Minsk URS"]
[Date "1987.??.??"]
[Round "?"]
[White "Lputian, Smbat"]
[Black "Dolmatov, Sergei"]
[Result "1/2-1/2"]
[WhiteElo "2500"]
[BlackElo "2515"]
[EventDate "1987.03.04"]
[PlyCount "81"]

1.Nf3 Nf6 2.c4 e6 3.Nc3 c5 4.g3 b6 5.e4 Bb7 6.Qe2 d6 7.Bg2 Be7 8.d4 cxd4 
9.Nxd4 a6 10.O-O Qc7 11.b3 O-O ( 11...b5 12.Ba3 bxc4 13.Qxc4 Qxc4 14.bxc4 
) 12.Bb2 Nc6 ( 12...Nbd7 13.Rae1 Rfe8 14.f4 ) 13.Qd2 ( 13.Nxc6 Bxc6 14.
Rac1 ) ( 13.Qe3 ) 13...Rac8 14.Rac1 Qb8 15.h3 Rfe8 16.Kh2 Bf8 17.f4 ( 17.
Rfe1 ) 17...b5 18.cxb5 ( 18.Nxc6 Bxc6 19.e5 Bxg2 20.Kxg2 ( 20.Qxg2 dxe5 
21.fxe5 Nd7 ) 20...dxe5 21.fxe5 Qxe5 ) 18...Nxd4 19.Qxd4 axb5 20.Nxb5 ( 
20.a3 e5 21.fxe5 dxe5 22.Qb6 b4 23.axb4 Bc6 24.Qxb8 Rxb8 ) 20...Bxe4 21.
Bxe4 Nxe4 22.Qxe4 Qxb5 23.Rxc8 Rxc8 24.Rc1 d5 ( 24...Rxc1 25.Bxc1 d5 26.
Qc2 ) 25.Qe3 Rxc1 26.Qxc1 ( 26.Bxc1 Qf1 ( 26...Bc5 27.Qf3 ) 27.a4 h5 ( 
27...d4 28.Qd2 d3 ) ) 26...Qe2+ 27.Kg1 h5 28.a4 ( 28.Qc3 Bc5+ 29.Qxc5 Qxb2
) 28...Bb4 29.Bd4 Bd2 30.Qa1 Qf3 ( 30...h4 31.gxh4 Bxf4 32.Bf2 e5 33.a5 e4
) 31.Bf2 h4 ( 31...Be3 32.Bxe3 Qxg3+ 33.Kf1 Qxe3 34.a5 ) ( 31...Bc3 ) 32.
gxh4 Qxh3 ( 32...Bc3 ) ( 32...Bxf4 ) 33.Qd4 Bc3 ( 33...Qg4+ 34.Kf1 Bxf4 
35.a5 Qf3 36.a6 e5 37.Qb2 ( 37.Qc5 Qd3+ ) ( 37.Qb6 d4 38.a7 Be3 ) 37...Be3
38.Kg1 Qg4+ 39.Kf1 Qd1+ ) 34.Qe3 Qg4+ 35.Kh2 d4 36.Qe4 Qd1 37.a5 Qxb3 ( 
37...Qd2 38.Kg3 Bxa5 39.Qxd4 ) 38.a6 Qa2 39.Qa8+ Kh7 40.a7 ( 40.Kg3 f5 41.
a7 d3 42.Qe8 ) 40...Qxf2+ 41.Qg2 ( 41.Qg2 Qxf4+ ( 41...Qxh4+ 42.Qh3 ) 42.
Kh1 Qc1+ 43.Kh2 ) 1/2-1/2

[Event "54rd URS-ch"]
[Site "Minsk URS"]
[Date "1987.??.??"]
[Round "?"]
[White "Lputian, Smbat"]
[Black "Yusupov, Artur"]
[Result "0-1"]
[WhiteElo "2500"]
[BlackElo "2645"]
[EventDate "1987.03.04"]
[PlyCount "58"]

1.d4 Nf6 2.Nf3 e6 3.c4 d5 4.Nc3 dxc4 5.e4 Bb4 6.Bg5 c5 7.Bxc4 cxd4 8.Nxd4 
Bxc3+ 9.bxc3 Nbd7 ( 9...Qa5 10.Bb5+ ( 10.Nb5 ) 10...Nbd7 11.Bxf6 Qxc3+ 12.
Kf1 gxf6 13.h4 a6 14.Rh3 Qa5 15.Be2 Nc5 16.Nb3 Nxb3 17.Qxb3 e5 ( 17...Qc7 
) 18.Rf3 Qd8 19.Rc1 ) 10.O-O Qa5 11.Bxf6 Nxf6 12.Bb5+ Bd7 13.Rb1 Rd8 ( 
13...Bxb5 14.Rxb5 Qxa2 ( 14...Qxc3 ) 15.e5 Nd7 16.Rxb7 Nb6 17.Qb1 Qxb1 18.
Rxb1 O-O 19.Nc6 Na4 20.c4 a6 21.Rc7 ) 14.e5 Nd5 ( 14...Ne4 15.Qg4 ) ( 
14...Bxb5 15.Rxb5 Qxb5 16.Nxb5 Rxd1 17.Rxd1 Ne4 18.Re1 Nc5 19.Nxa7 Ke7 ) 
15.c4 Ne7 ( 15...Nc3 16.Qe1 b6 17.Rb3 Nxa2 18.Qxa5 bxa5 19.Ra3 ) 16.Qg4 ( 
16.Qf3 a6 17.Bxd7+ Rxd7 ) ( 16.Qe2 ) 16...Bxb5 ( 16...O-O 17.Bxd7 Rxd7 18.
Nxe6 ) 17.Rxb5 ( 17.Nxb5 O-O 18.Qe4 Nc6 19.Rfe1 Qxa2 20.Nd6 ) 17...Qc7 18.
Ne2 ( 18.Nf3 O-O 19.Qe4 b6 20.h4 ) 18...O-O 19.Ng3 ( 19.Qe4 Nc6 20.Rfb1 b6
21.c5 ) 19...a6 20.Rb3 Ng6 21.Qe4 Nxe5 ( 21...Qxe5 22.Qxb7 ) 22.Rxb7 Qc5 
23.h3 h6 ( 23...Rd4 24.Rc7 Qxc7 25.Qxd4 Rd8 ) 24.Re1 ( 24.Ne2 Rd2 ) ( 24.
a4 ) 24...Nd3 25.Rf1 Rd4 26.Qe3 Qxc4 27.Nh5 Qd5 28.Ra7 Rd8 29.Ng3 Nf4 ( 
29...Nf4 30.f3 Nxg2 31.Kxg2 Qc5 ) 0-1

[Event "54rd URS-ch"]
[Site "Minsk URS"]
[Date "1987.??.??"]
[Round "?"]
[White "Lputian, Smbat"]
[Black "Psakhis, Lev"]
[Result "0-1"]
[WhiteElo "2500"]
[BlackElo "2575"]
[EventDate "1987.03.04"]
[PlyCount "122"]

1.d4 Nf6 2.c4 e6 3.Nf3 Bb4+ 4.Nbd2 O-O 5.a3 Bxd2+ 6.Bxd2 Ne4 7.g3 d6 8.Bg2
Nd7 9.O-O Qe7 10.Rc1 f5 ( 10...e5 ) 11.c5 ( 11.b4 Ndf6 ) 11...Ndf6 ( 11...
dxc5 12.dxc5 Ndxc5 13.Bf4 ( 13.Bb4 ) ) 12.Ng5 ( 12.b4 Nd5 ) 12...Nxd2 ( 
12...Bd7 13.cxd6 cxd6 14.Rc7 ) 13.Qxd2 e5 ( 13...h6 14.Nf3 e5 ) 14.cxd6 
cxd6 15.dxe5 dxe5 16.Bd5+ Kh8 17.Bb3 h6 18.Nf3 e4 19.Nd4 ( 19.Nh4 Kh7 20.
Rfd1 ) 19...Qd6 ( 19...Qe5 20.Qb4 ) 20.Rfd1 ( 20.Qb4 Qxb4 21.axb4 Bd7 22.
Rc7 Rfc8 23.Rxb7 Rcb8 24.Rxb8+ Rxb8 25.Nc2 a5 26.Ra1 axb4 27.Nd4 ) 20...
Bd7 21.Ne6 Qxd2 22.Rxd2 Rac8 23.Nxf8 ( 23.Rcd1 Bxe6 24.Bxe6 Rc5 ) 23...
Rxc1+ 24.Kg2 Bc6 25.e3 ( 25.Ng6+ ) ( 25.Rd8 g5 ) 25...g5 26.h3 Kg7 27.Ne6+
Kg6 28.Nd8 f4 29.Bf7+ ( 29.gxf4 gxf4 30.Nxc6 ) 29...Kg7 30.gxf4 gxf4 31.
Be6 f3+ ( 31...Kg6 ) ( 31...Be8 ) 32.Kg3 Bb5 33.Bf5 Bd3 34.Nxb7 Nd5 35.Nd6
Rg1+ 36.Kh2 ( 36.Kh4 Nf6 ) 36...Rg2+ 37.Kh1 Nf6 38.b4 Nh5 39.Bxe4 ( 39.
Nxe4 Bxe4 40.Bxe4 ( 40.Rd7+ Kf6 41.Bxe4 Rxf2 ) 40...Ng3+ 41.fxg3 Rxd2 42.
Bxf3 Ra2 ) 39...Ng3+ 40.fxg3 Rxd2 41.Bxf3 Ra2 42.Bc6 Rxa3 43.Kg2 Rc3 44.
Bd5 ( 44.b5 a5 ) 44...Rc2+ 45.Kf3 Rb2 46.e4 Rxb4 47.Ke3 Bf1 48.Nf5+ Kf6 ( 
48...Kh7 ) 49.Nxh6 Bxh3 50.Ng8+ Ke5 51.Ne7 Bd7 52.g4 Kd6 53.Nf5+ Ke5 ( 
53...Bxf5 ) 54.Kd3 ( 54.Nh6 ) 54...Bxf5 55.gxf5 a5 56.Bc6 ( 56.Kc3 Rb6 57.
Bb3 Kxe4 58.Bc2+ Ke5 59.Kc4 Rc6+ 60.Kb3 a4+ ) 56...a4 57.Bd5 ( 57.Kc3 a3 )
57...a3 58.Kc2 ( 58.Kc3 Rb2 ) 58...Rb2+ 59.Kc1 Kd4 60.f6 Kc3 61.e5 a2 0-1

[Event "54rd URS-ch"]
[Site "Minsk URS"]
[Date "1987.??.??"]
[Round "?"]
[White "Psakhis, Lev"]
[Black "Eingorn, Vyacheslav"]
[Result "1/2-1/2"]
[WhiteElo "2575"]
[BlackElo "2545"]
[EventDate "1987.03.04"]
[PlyCount "100"]

1.e4 e6 2.d4 d5 3.Nc3 Bb4 4.e5 c5 5.a3 Ba5 6.b4 cxd4 7.Qg4 Ne7 8.bxa5 dxc3
9.Qxg7 Rg8 10.Qxh7 Qc7 11.Nf3 Bd7 12.Bf4 Nbc6 13.a6 b6 14.Bg3 ( 14.Ng5 Rf8
15.Bd3 Nxe5 ) ( 14.Bd3 Rxg2 ( 14...O-O-O ) 15.Bg3 ) ( 14.Bg5 Rxg5 ) 14...
O-O-O 15.Bd3 ( 15.Qxf7 Rdf8 16.Qh5 Nf5 ) 15...Ng6 16.Bxg6 ( 16.Qxf7 Ngxe5 
) 16...fxg6 17.Rd1 Rde8 18.O-O g5 ( 18...Ne7 ) 19.Qd3 g4 20.Nh4 Ne7 21.f4 
( 21.f3 ) ( 21.Rfe1 ) 21...Qc5+ 22.Bf2 Qxa3 23.Rb1 Kb8 24.Rb3 Qa4 25.Qxc3 
Rc8 26.Qb2 Ka8 27.g3 Qc6 28.Rc1 Be8 29.Bd4 Qc4 30.Rb4 Qc7 31.Rb3 Ba4 32.
Rc3 Qd7 33.Rxc8+ Rxc8 34.c3 Bb5 35.Qa3 Qe8 36.Rb1 Bd3 37.Rd1 Be4 38.Qa2 
Qb5 39.Kf2 Nf5 40.Nxf5 Bxf5 41.Ke3 Rh8 42.c4 Qxc4 43.Qxc4 dxc4 44.Bc3 Bd3 
45.f5 exf5 46.Kf4 Rh6 47.Re1 Re6 48.Rh1 Be4 49.Rd1 Bd3 50.Rh1 Be4 1/2-1/2

[Event "54rd URS-ch"]
[Site "Minsk URS"]
[Date "1987.??.??"]
[Round "?"]
[White "Psakhis, Lev"]
[Black "Tukmakov, Vladimir"]
[Result "1/2-1/2"]
[WhiteElo "2575"]
[BlackElo "2575"]
[EventDate "1987.03.04"]
[PlyCount "74"]

1.e4 c6 2.d4 d5 3.Nc3 dxe4 4.Nxe4 Nd7 5.Nf3 Ngf6 6.Nxf6+ Nxf6 7.Ne5 Be6 8.
Be2 g6 9.O-O Bg7 10.c4 O-O 11.Be3 Ne4 12.f4 ( 12.Qb3 Bxe5 13.dxe5 Nd2 14.
Bxd2 Qxd2 ) ( 12.Bf4 Nd6 13.d5 cxd5 14.cxd5 Bf5 ) 12...f6 ( 12...Nd6 13.b3
Nf5 14.Bf2 ) 13.Nf3 Bf7 14.Qc2 Nd6 15.Bd3 b5 16.b3 bxc4 17.bxc4 Rb8 18.
Rae1 ( 18.Rab1 ) 18...Qd7 19.Qa4 ( 19.Bf2 ) 19...Rb7 20.Rb1 Qe6 21.Bf2 
Rxb1 22.Rxb1 Nxc4 23.Qxa7 ( 23.Re1 Nb2 24.Qxa7 Qxa2 ) 23...Nd6 24.a4 Bh6 
25.a5 Bxf4 26.a6 Nb5 27.Bxb5 cxb5 28.Rxb5 Qa2 29.d5 ( 29.Qxe7 Qxa6 ) 29...
Bxd5 30.Qd4 Bxf3 31.gxf3 Qxa6 32.Rb6 Bxh2+ 33.Kxh2 Qa2 34.Rb7 Qe6 35.Rb1 
Kf7 36.Re1 Qc6 37.Qa7 Qd6+ 1/2-1/2